| 000 | 00794cam a2200241 i 4500 | ||
|---|---|---|---|
| 999 |
_c234415 _d234415 |
||
| 001 | 377600 | ||
| 003 | Nust | ||
| 005 | 20170320152957.0 | ||
| 008 | 790726s1979 vaua b 000 0 eng | ||
| 010 | _a 78074978 | ||
| 020 | _a81-7833-024-5 | ||
| 040 |
_aDLC _cASAB _dDLC _dWaU |
||
| 050 | 0 | 0 |
_aRM666.A414 _bK46 |
| 082 | 0 | 0 | _a615/.324/324 |
| 100 | 1 | _aKent, Carol Miller. | |
| 245 | 1 | 0 |
_aAloe vera / _cby H. Panda _bhandbook cultivation, research findings, products, formulations, Extraction & Processing |
| 260 |
_aArlington, Va. : _bKent, _cc1979. |
||
| 300 |
_a496 p. : _bill. ; _c22 cm. |
||
| 500 | _a"Limited edition of three hundred numbered copies, of which this is number 51." | ||
| 504 | _aBibliography: p. 97-114. | ||
| 650 | 0 |
_aAloe vera _xTherapeutic use. |
|
| 650 | 0 | _aAloe vera. | |
| 906 |
_a7 _bcbc _corignew _d2 _eopcn _f19 _gy-gencatlg |
||
| 942 |
_2ddc _cBK |
||